| 000 | 00662nam a22002057a 4500 | ||
|---|---|---|---|
| 999 |
_c15008 _d15008 |
||
| 003 | AR-CdUCM | ||
| 008 | 190425b ||||| |||| 00| 0 spa d | ||
| 020 | _a978-84-683-0188-4 | ||
| 040 |
_aMUNICIPALIDAD PROVINCIAL DEL CUSCO _cBIBLIOTECA MUNICIPAL DEL CUSCO |
||
| 082 |
_aPI / 376.12 / _bG25 |
||
| 100 |
_aGarcia Sabajés, Berta _934009 |
||
| 245 | _aMi primer día de escuela / | ||
| 260 |
_aBarcelona, _bEdebé, _c2011. |
||
| 300 |
_a35 páginas ; _bIlustraciones, _c25 cm. |
||
| 440 |
_aColección comportamientos ; _934010 |
||
| 650 |
_aLiteratura infantil _9588 |
||
| 700 |
_aModéré, Armelle _934011 |
||
| 942 |
_2ddc _cLIBROS |
||
| 945 |
_aacv _d2019-04-25 |
||